Movies Generator Puzzle #2 - Statistics

General Stats
  • This quiz has been taken 20,130 times
  • The average score is 12 of 21
Answer Stats
Hint Answer % Correct
Super, Iron, or Bat Man
94%
Lohan movie, ____ Girls Mean
82%
A Beautiful ____ Mind
78%
Japanese animation Anime
77%
Doubtfire or Weasley, eg. Mrs
76%
Requiem for a _____ Dream
75%
Amélie's city Paris
74%
Judi Dench's title, eg. Dame
68%
Film Rebel, James ____ Dean
66%
Rickman's Potter role Snape
64%
Philadelphia illness AIDS
62%
Dustin was the ____ Man Rain
60%
J-Lo's Manhattan job Maid
57%
King Mufasa's rock Pride
53%
Ghost's leading lady Demi
51%
Director Raimi Sam
42%
Actress West Mae
34%
Eastwood's American _____ Sniper
27%
_______ of the Day Remains
25%
Zoolander's father's job Miner
23%
9-Letter Movie Title SPIDERMAN
18%
No matching quizzes found
Score Distribution
Percent of People with Each Score
Percentile by Number Answered
Your Score History
You have not taken this quiz